<?xml version="1.0" encoding="UTF-8"?>
<record
    xmlns:xsi="http://www.w3.org/2001/XMLSchema-instance"
    xsi:schemaLocation="http://www.loc.gov/MARC21/slim http://www.loc.gov/standards/marcxml/schema/MARC21slim.xsd"
    xmlns="http://www.loc.gov/MARC21/slim">

  <leader>00408nam a2200133   4500</leader>
  <controlfield tag="008">709.2 B262b</controlfield>
  <datafield tag="020" ind1=" " ind2=" ">
    <subfield code="a">2908964473</subfield>
  </datafield>
  <datafield tag="082" ind1=" " ind2=" ">
    <subfield code="a">709.2</subfield>
    <subfield code="b">B362b</subfield>
  </datafield>
  <datafield tag="100" ind1=" " ind2=" ">
    <subfield code="a">Baz, Mohamed El</subfield>
    <subfield code="9">6399</subfield>
  </datafield>
  <datafield tag="245" ind1=" " ind2=" ">
    <subfield code="a">Mohamed El Baz</subfield>
  </datafield>
  <datafield tag="260" ind1=" " ind2=" ">
    <subfield code="a">Barcelona</subfield>
    <subfield code="b">Policrom</subfield>
    <subfield code="c">2006</subfield>
  </datafield>
  <datafield tag="300" ind1=" " ind2=" ">
    <subfield code="a">240 p.</subfield>
    <subfield code="b">ill (col)</subfield>
    <subfield code="c">22.5 x 16.5 cm</subfield>
  </datafield>
  <datafield tag="650" ind1=" " ind2=" ">
    <subfield code="x">arte contempor&#xE1;neo</subfield>
    <subfield code="x">Marruecos</subfield>
    <subfield code="x">Francia</subfield>
    <subfield code="x">arte - siglo XX</subfield>
    <subfield code="x">arte biogr&#xE1;fico</subfield>
    <subfield code="x">Baz, Mohamed El</subfield>
    <subfield code="9">6400</subfield>
  </datafield>
  <datafield tag="999" ind1=" " ind2=" ">
    <subfield code="c">1496</subfield>
    <subfield code="d">1496</subfield>
  </datafield>
  <datafield tag="952" ind1=" " ind2=" ">
    <subfield code="0">0</subfield>
    <subfield code="1">0</subfield>
    <subfield code="2">ddc</subfield>
    <subfield code="4">0</subfield>
    <subfield code="7">0</subfield>
    <subfield code="a">LV</subfield>
    <subfield code="b">LV</subfield>
    <subfield code="c">Monograf&#xED;as</subfield>
    <subfield code="d">2018-06-14</subfield>
    <subfield code="l">0</subfield>
    <subfield code="o">709.2 B362b</subfield>
    <subfield code="p">001095</subfield>
    <subfield code="r">2018-06-14 00:00:00</subfield>
    <subfield code="w">2018-06-14</subfield>
    <subfield code="y">01</subfield>
  </datafield>
</record>
